Státy, které si často vypůjčují
Rozhovor s poprednými hospodárskymi pracovníkmi o súčasnom stave hospodárskeho rozvoja v Grécku, Portugalsku, Španielsku, Švédsku a Veľkej Británii. Makroekonomické ukazovatele, platobná bilancia, zadlženosť, financovanie a hodnotenie úverovej schopnosti uvedených krajín.
Na minha lista:
| Formato: | Capítulo de Livro |
|---|---|
| Idioma: | tcheco |
| Assuntos: | |
| Tags: |
Sem tags, seja o primeiro a adicionar uma tag!
|
MARC
| LEADER | 00000naa a2200000 4500 | ||
|---|---|---|---|
| 001 | r014011 | ||
| 005 | 20221205075513.6 | ||
| 041 | 0 | |a cze | |
| 044 | |a CZ | ||
| 245 | 1 | 0 | |a Státy, které si často vypůjčují |
| 520 | |a Rozhovor s poprednými hospodárskymi pracovníkmi o súčasnom stave hospodárskeho rozvoja v Grécku, Portugalsku, Španielsku, Švédsku a Veľkej Británii. Makroekonomické ukazovatele, platobná bilancia, zadlženosť, financovanie a hodnotenie úverovej schopnosti uvedených krajín. | ||
| 610 | 2 | 0 | |a rozvoj hospodársky |
| 610 | 2 | 0 | |a hospodárstvo národné |
| 610 | 2 | 0 | |a politika hospodárska |
| 610 | 2 | 0 | |a Grécko |
| 610 | 2 | 0 | |a Portugalsko |
| 610 | 2 | 0 | |a Španielsko |
| 610 | 2 | 0 | |a Švédsko |
| 610 | 2 | 0 | |a Veľká Británia |
| 610 | 2 | 0 | |a ukazovatele ekonomické |
| 610 | 2 | 0 | |a bilancia platobná |
| 610 | 2 | 0 | |a zadlženosť |
| 610 | 2 | 0 | |a financovanie |
| 610 | 2 | 0 | |a úver |